Busy beavers / (Запис № 477386)

МАРК-запис
000 -LEADER
fixed length control field 01542cam a2200373 a 4500
001 - CONTROL NUMBER
control field busybeavers00dabc
003 - CONTROL NUMBER IDENTIFIER
control field CaSfIA
005 - DATE AND TIME OF LATEST TRANSACTION
control field 20210117222145.0
007 - PHYSICAL DESCRIPTION FIXED FIELD--GENERAL INFORMATION
fixed length control field cr||||
008 - FIXED-LENGTH DATA ELEMENTS--GENERAL INFORMATION
fixed length control field 870912s1988 nyua j 000 0 eng
010 ## - LIBRARY OF CONGRESS CONTROL NUMBER
LC control number 87027190
040 ## - CATALOGING SOURCE
Original cataloging agency DLC
Transcribing agency DLC
Modifying agency OCL
-- BTCTA
-- YDXCP
-- BAKER
-- CaSfIA
020 ## - INTERNATIONAL STANDARD BOOK NUMBER
International Standard Book Number 0525443843 (lib. bdg.) :
Terms of availability $11.95
020 ## - INTERNATIONAL STANDARD BOOK NUMBER
International Standard Book Number 9780525443841 (lib. bdg.)
035 ## - SYSTEM CONTROL NUMBER
System control number (OCoLC)16754675
042 ## - AUTHENTICATION CODE
Authentication code lcac
050 00 - LIBRARY OF CONGRESS CALL NUMBER
Classification number QL737.R632
Item number D33 1988
082 00 - DEWEY DECIMAL CLASSIFICATION NUMBER
Classification number 599.32/32
Edition number 19
029 1# - (OCLC)
OCLC library identifier YDXCP
System control number 470413
029 1# - (OCLC)
OCLC library identifier NZ1
System control number 3424326
100 1# - MAIN ENTRY--PERSONAL NAME
Personal name Dabcovich, Lydia.
245 10 - TITLE STATEMENT
Title Busy beavers /
Medium [electronic resource]
Statement of responsibility, etc by Lydia Dabcovich.
250 ## - EDITION STATEMENT
Edition statement 1st ed.
260 ## - PUBLICATION, DISTRIBUTION, ETC. (IMPRINT)
Place of publication, distribution, etc New York :
Name of publisher, distributor, etc Dutton,
Date of publication, distribution, etc c1988.
300 ## - PHYSICAL DESCRIPTION
Extent [32] p. :
Other physical details col. ill. ;
Dimensions 21 x 26 cm.
520 ## - SUMMARY, ETC.
Summary, etc Simple text follows the activities of a beaver family as they swim, play, and build a sturdy dam.
506 ## - RESTRICTIONS ON ACCESS NOTE
Standardized terminology for access restriction Необхідна авторизація на https://archive.org/ (створення облікового запису безкоштовно)
506 ## - RESTRICTIONS ON ACCESS NOTE
Standardized terminology for access restriction Необхідна авторизація на https://openlibrary.org/ (створення облікового запису безкоштовно)
650 #0 - SUBJECT ADDED ENTRY--TOPICAL TERM
Topical term or geographic name as entry element Beavers
Form subdivision Juvenile literature.
650 #1 - SUBJECT ADDED ENTRY--TOPICAL TERM
Topical term or geographic name as entry element Beavers.
856 41 - ELECTRONIC LOCATION AND ACCESS
Uniform Resource Identifier <a href="http://www.archive.org/details/busybeavers00dabc">http://www.archive.org/details/busybeavers00dabc</a>
Public note Free eBook from the Internet Archive
856 42 - ELECTRONIC LOCATION AND ACCESS
Uniform Resource Identifier <a href="http://www.openlibrary.org/books/OL2397362M">http://www.openlibrary.org/books/OL2397362M</a>
Public note Additional information and access via Open Library
942 ## - ADDED ENTRY ELEMENTS (KOHA)
Koha item type ЕКнига

Немає доступних примірників.